Nhà văn và tác phẩm

Enregistré dans:
Détails bibliographiques
Format: Livre
Langue:Undetermined
Publié: Hà Nội Hội Nhà văn Việt Nam 2020
Sujets:
Tags: Ajouter un tag
Pas de tags, Soyez le premier à ajouter un tag!
Thư viện lưu trữ: Trung tâm Học liệu Trường Đại học Cần Thơ
LEADER 00504nam a2200181Ia 4500
001 CTU_236499
008 210402s9999 xx 000 0 und d
020 |c 0 
082 |a 800 
082 |b Nh100 
245 0 |a Nhà văn và tác phẩm 
245 0 |c Hội Nhà văn Việt Nam 
260 |a Hà Nội 
260 |b Hội Nhà văn Việt Nam 
260 |c 2020 
650 |a Literature,Văn học 
904 |i T.Trang 
980 |a Trung tâm Học liệu Trường Đại học Cần Thơ